Oportunidades pedidas : El impacto de la repetición y de la salida prematura de la escuela (Record no. 10970)

MARC details
000 -LEADER
campo de control de longitud fija 00464nam a2200157Ia 4500
001 - NÚMERO DE CONTROL
campo de control 2892
008 - DATOS DE LONGITUD FIJA--INFORMACIÓN GENERAL
campo de control de longitud fija 241024s9999 xx 000 0 und d
020 ## - NÚMERO INTERNACIONAL ESTÁNDAR DEL LIBRO
Número Internacional Estándar del Libro 978-92-9189-122-1
082 ## - NÚMERO DE LA CLASIFICACIÓN DECIMAL DEWEY
Número de clasificación 370/U56o/2012
100 ## - ENTRADA PRINCIPAL--NOMBRE DE PERSONA
Nombre de persona UNESCO. Instituto de Estadística
245 #0 - MENCIÓN DEL TÍTULO
Título Oportunidades pedidas : El impacto de la repetición y de la salida prematura de la escuela
260 ## - PUBLICACIÓN, DISTRIBUCIÓN, ETC.
Nombre del editor, distribuidor, etc. Maquis Printing
Fecha de publicación, distribución, etc. 2012
590 ## - NOTA LOCAL (RLIN)
Nota local si
901 ## - ELEMENTOS DE DATOS A LOCAL LDA (RLIN)
a 12/6/2013 4:05:30 p.m.

No items available.

© 2024. Todos los Derechos Reservados. Desarrollado por IDEICE